000 01145nam0a22002651 4500
001 rc\2158893
005 20250623013809.0
035 _a(NLR Aleph) 006513359
090 _a6353624
_c6353624
100 _a20110829d1978 |||y0rusy50 ca
101 0 _arus
102 _aRU
105 _ay z |||||
200 1 _aХудожественный конфликт и эволюция жанров в адыгских литературах
210 _aТбилиси
_cМецниереба
_d1978
215 _a238 с.
_d21
300 _aВ надзаг.: АН ГССР, и-т истории груз. лит. им. Шота Руставели, Кабард.-Балкар. ин-т истории, филологии и экономики при Совете Министров КБ АССР
320 _aУказ. имен.: с. 236-237
606 _aЛитература адыгов советская
_2psbo
700 1 _7ca
_8rus
_aШаззо
_bК. Г.
_f1939-2015
_gКазбек Гиссович
_9255251
_3RU\NLR\AUTH\770255307
801 0 _aRU
_bNLR
_gpsbo
801 1 _aRU
_bELAR
_2rusmarc
852 _aNLR
_j78-5/4127
942 _cBOOK
980 _aNB